Catálogo - Centro de Recursos para el Aprendizaje y la Investigación

Volver al Sitio - CRAI Biblioteca

La contribución de América al derecho internacional : (Registro nro. 114173)

Detalles MARC
000 -CABECERA
campo de control de longitud fija 03555nam a2200277 a 4500
001 - NÚMERO DE CONTROL
campo de control 114173
003 - IDENTIFICADOR DEL NÚMERO DE CONTROL
campo de control DR-UNIBE
005 - FECHA Y HORA DE LA ÚLTIMA TRANSACCIÓN
campo de control 20251022062603.0
007 - CAMPO FIJO DE DESCRIPCIÓN FÍSICA--INFORMACIÓN GENERAL
campo de control de longitud fija cr nn 008mamaa
008 - DATOS DE LONGITUD FIJA--INFORMACIÓN GENERAL
campo de control de longitud fija 251021s2025 sp l s 00001spa
020 ## - NÚMERO INTERNACIONAL ESTÁNDAR DEL LIBRO
Número Internacional Estándar del Libro 9788410709058
020 ## - NÚMERO INTERNACIONAL ESTÁNDAR DEL LIBRO
Número Internacional Estándar del Libro 9791370060930 (electrónico).
040 ## - FUENTE DE LA CATALOGACIÓN
Centro catalogador/agencia de origen BIBLIOTECA UNIBE
Centro/agencia transcriptor BIBLIOTECA UNIBE
Normas de descripción rda
041 ## - CÓDIGO DE LENGUA
Código de lengua del texto/banda sonora o título independiente spa
100 ## - ENTRADA PRINCIPAL--NOMBRE DE PERSONA
Nombre de persona Díaz Barrado, Cástor Miguel
Término indicativo de función/relación autor
9 (RLIN) 195469
245 13 - MENCIÓN DE TÍTULO
Título La contribución de América al derecho internacional :
Resto del título una perspectiva histórica y actual
260 ## - PUBLICACIÓN, DISTRIBUCIÓN, ETC.
Lugar de publicación, distribución, etc. Madrid :
Nombre del editor, distribuidor, etc. Editorial Dykinson,
Fecha de publicación, distribución, etc. 2025
300 ## - DESCRIPCIÓN FÍSICA
Extensión 221 páginas
500 ## - NOTA GENERAL
Nota general Recurso en línea:<br/>Disponible para miembros de UNIBE a través del portal web del CRAI: https://www.unibe.edu.do/biblioteca/libros-electronicos/
520 #3 - SUMARIO, ETC.
Sumario, etc. Los países de las Américas han participado y contribuido de manera notable en la plena conformación del actual Derecho Internacional. La huella de las singularidades y peculiaridades americanas se ha plasmado en numerosas normas e instituciones de este ordenamiento jurídico, en especial, la presencia americana está entreverada en los principios estructurales del orden internacional. Sería equivocado exagerar para esgrimir la satisfactoria conclusión de que las Américas han construido un sistema jurídico propio, singular, autónomo y completo. Desde luego, no es así. Pero el sentir político y el alma jurídica de las Américas integran, con naturalidad, normas e institutos del Derecho Internacional Contemporáneo. Las contribuciones que han realizado los Estados de la región a principios y normas internacionales son amplias y variadas y, además, es bastante habitual que las Américas se hayan apropiado siempre de posiciones de vanguardia. De manera precoz, los países americanos han insistido en la necesidad de consagrar determinados principios esenciales del orden internacional y siguen abriendo el debate y la discusión en campos normativos en los que la adormecida comunidad internacional abriga actitudes tibias y dubitativas. La importancia del Derecho en el discurso y en los postulados americanos está fuera de toda duda, así como el asentado criterio de que la solidaridad continental es la que encarna el fundamento de los avances normativos en la región. El "Derecho Internacional Americano" sigue teniendo vigencia y vitalidad en la medida en que exhibe la perspectiva estrictamente americana del sistema jurídico internacional y, también, por su demostrada y reconocida capacidad de abordar nuevos ámbitos, reservados a la política internacional, para arrastrarlos al campo jurídico. La desorbitada fragmentación política, económica e institucional que habita en la actualidad en el continente americano es la que condiciona, sobremanera, los logros más significados en la conformación de un Derecho peculiar y, sobre todo, en la proyección de las tesis jurídicas americanas al plano universal. Pero, así y todo, la realidad jurídica americana pervive con la presencia de una visión continental o hemisférica, teniendo asegurada su continuidad porque los enfoques de las Américas, y en particular de los países latinoamericanos, se sustentan en dos nociones básicas e imprescindibles para el Derecho Internacional: el universalismo y el humanismo.
650 #7 - PUNTO DE ACCESO ADICIONAL DE MATERIA--TÉRMINO DE MATERIA
Fuente del encabezamiento o término lemb
Término de materia o nombre geográfico como elemento de entrada Derecho internacional
650 #7 - PUNTO DE ACCESO ADICIONAL DE MATERIA--TÉRMINO DE MATERIA
Fuente del encabezamiento o término lemb
Término de materia o nombre geográfico como elemento de entrada Cooperación internacional
655 #4 - TÉRMINO DE INDIZACIÓN--GÉNERO/FORMA
Datos o término principal de género/forma Recurso electrónico
9 (RLIN) 42681
856 ## - LOCALIZACIÓN Y ACCESO ELECTRÓNICOS
Identificador Uniforme del Recurso <a href=" https://ebookcentral.proquest.com/lib/unibedr/detail.action?docID=31993207"> https://ebookcentral.proquest.com/lib/unibedr/detail.action?docID=31993207</a>
942 ## - ELEMENTOS DE PUNTO DE ACCESO ADICIONAL (KOHA)
Fuente del sistema de clasificación o colocación Sistema de Clasificación Decimal Dewey
Tipo de ítem Koha e-Libro (en línea)
Existencias
Estado de retiro Estado de pérdida Fuente del sistema de clasificación o colocación No para préstamo Código de colección Localización permanente Fecha de adquisición Total de préstamos Código de barras Fecha visto por última vez Número de copia Precio válido a partir de Tipo de ítem Koha
  Disponible Sistema de Clasificación Decimal Dewey   e-Libro de Texto (en línea) Biblioteca Central UNIBE 21/10/2025   EB0521 21/10/2025 copias ilimitadas 21/10/2025 e-Libro (en línea)